Score 0/24 Timer 05:00
0 Plays Today
SHOUTED QUOTE Movie % Correct
THIS... IS... SPARTA!300
90.7%
I'M THE KING OF THE WORLD!Titanic
89.8%
I'M MELTING, I'M MELTING! OH, WHAT A WORLD!The Wizard of Oz
81.5%
SAY 'HELLO' TO MY LITTLE FRIEND!Scarface
81%
ADRIAN! ADRIAN!Rocky
80.7%
THEY MAY TAKE OUR LIVES, BUT THEY'LL NEVER TAKE OUR FREEDOM!Braveheart
80.7%
TAKE YOUR STINKING PAWS OFF ME, YOU DAMNED DIRTY APE!Planet of the Apes
79.9%
YOU SHALL NOT PASS!The Lord of the Rings: The Fellowship of the Ring
79.3%
IT'S ALIVE, IT'S ALIVE, IT'S ALIVE!Frankenstein
78%
SHOW ME THE MONEY!Jerry Maguire
74.8%
YOU CAN'T HANDLE THE TRUTH!A Few Good Men
73.8%
ARE YOU NOT ENTERTAINED? IS THIS NOT WHY YOU ARE HERE?Gladiator
70.7%
SHOUTED QUOTE Movie % Correct
THE POWER OF CHRIST COMPELS YOU!The Exorcist
70.4%
WHERE. IS. MY SUPER SUIT?The Incredibles
61.1%
YOUR MOTHER WAS A HAMSTER AND YOUR FATHER SMELT OF ELDERBERRIES!Monty Python and the Holy Grail
59.3%
KHAAAAN!Star Trek II: The Wrath of Khan
59%
WHAT IS YOUR MAJOR MALFUNCTION, NUMBNUTS?Full Metal Jacket
48.7%
GET TO THE CHOPPER!Predator
46.2%
'WHAT' AIN'T NO COUNTRY I EVER HEARD OF. THEY SPEAK ENGLISH IN WHAT?Pulp Fiction
44.8%
HEY, YOU GUYS!The Goonies
43.4%
I'M WALKIN' HERE!Midnight Cowboy
43%
I'M AS MAD AS HELL AND I'M NOT GOING TO TAKE THIS ANYMORE!Network
41.3%
NO. THAT'S NOT TRUE. THAT'S IMPOSSIBLE!Star Wars: Episode V - The Empire Strikes Back
33.8%
*EXTREME CLOSE-UP* WAAAAH!Wayne's World
27.9%
Remove Ads.
Support Sporcle.
Get the best of Sporcle when you Go Orange. This ad-free experience offers more features, more stats, and more fun while also helping to support Sporcle. Thank you for becoming a member.

You're not logged in!

Compare scores with friends on all Sporcle quizzes.
OR
Log In

Sporcle TV

Today on Sporcle TV


Watch our educational content, quiz creation guides, and fun videos on Sporcle TV.

Show Comments

Extras

Top Quizzes Today


Score Distribution

Paid Content

Your Account Isn't Verified!

In order to create a playlist on Sporcle, you need to verify the email address you used during registration. Go to your Sporcle Settings to finish the process.

Report this User

Report this user for behavior that violates our Community Guidelines.

Details: